Self-Phase modulation based multiple carrier generation for radio over fiber duplex baseband communication (Record no. 13148)
[ view plain ]
| 000 -LEADER | |
|---|---|
| fixed length control field | 00517nam a22001337a 4500 |
| 082 ## - DEWEY DECIMAL CLASSIFICATION NUMBER | |
| Classification number | MSEE-4 |
| 100 ## - MAIN ENTRY--PERSONAL NAME | |
| Personal name | Aamir Gulistan |
| 9 (RLIN) | 98876 |
| 245 ## - TITLE STATEMENT | |
| Title | Self-Phase modulation based multiple carrier generation for radio over fiber duplex baseband communication |
| 260 ## - PUBLICATION, DISTRIBUTION, ETC. | |
| Place of publication, distribution, etc. | Islamabad |
| Name of publisher, distributor, etc. | NUST-SEECS |
| Date of publication, distribution, etc. | 2014 |
| 300 ## - PHYSICAL DESCRIPTION | |
| Extent | 66 |
| Other physical details | 27cm.+ |
| Accompanying material | CD-ROM |
| 500 ## - GENERAL NOTE | |
| General note | Supervisors:Dr. Salman Abdul Ghafoor, Dr. Usman Younis, Dr. Adnan Khalid, Dr. Rizwan Ahmad |
| 856 ## - ELECTRONIC LOCATION AND ACCESS | |
| Uniform Resource Identifier | <a href="http://10.250.8.41:8080/xmlui/handle/123456789/9367">http://10.250.8.41:8080/xmlui/handle/123456789/9367</a> |
| 942 ## - ADDED ENTRY ELEMENTS (KOHA) | |
| Koha item type | Project Report |
| Source of classification or shelving scheme | |
| Withdrawn status | Lost status | Damaged status | Not for loan | Collection code | Permanent Location | Current Location | Shelving location | Date acquired | Total Checkouts | Full call number | Barcode | Date last seen | Price effective from | Koha item type | Source of classification or shelving scheme |
|---|---|---|---|---|---|---|---|---|---|---|---|---|---|---|---|
| Central Library (CL) | Central Library (CL) | General Stacks | 04/17/2015 | MSEE-4 AAM | SEECSP01636 | 04/15/2015 | 04/15/2015 | Project Report | |||||||
| Central Library (CL) | Central Library (CL) | Thesis | 10/08/2019 | 621.3 | CL-T-3786 | 10/08/2019 | 10/08/2019 | Thesis |
